CRFPA culture juridique et libertés fondamentales 1 - Statistiques

Statistiques générales
  • Ce quiz a été pris 430 fois
    426 depuis la dernière actualisation
  • Le résultat moyen est 28 sur 80
Statistiques - réponses
Hint Réponse % Correct
Il a aboli la peine de mort Robert Badinter
82%
Date du code civil 1804
78%
Durée de prescription en matière civile ? 5 ans
72%
En quelle année a été abolie la peine de mort ? 1981
71%
Composante de l'ordre public 5 dignité
71%
Qui a écrit le contrat social ? Rousseau
70%
Année de Morsang sur Orge 1995
69%
Qui est l’auteur du discours “I had a dream” de 1963 ? Martin Luther King
67%
Quel ancien président de la République a choisi de ne pas siéger au Conseil constitutionnel ? François Hollande
61%
De quel président avons-nous célébré les 40 ans de l'élection en 2021 ? François Mitterrand
59%
Composante du droit de propriété 2 fructus
59%
Année de Liberté d'association 1971
58%
Composante du droit de propriété 3 abusus
58%
Quelle est la décision du Conseil constitutionnel à l’origine de la notion de bloc de constitutionnalité ? Liberté d'association
58%
Que prévoit la loi du 1e juillet 1901? Liberté d'association
58%
Composante du droit de propriété 1 usus
58%
Année de Jacques Vabre 1975
57%
Rédacteur du code civil 1 Portalis
57%
Année de Benjamin 1933
55%
Quel président est mort pendant son mandat ? Georges Pompidou
55%
Composante de l'ordre public 3 salubrité
55%
Composante de l'ordre public 2 sécurité
54%
Qui est compétent pour juger les crimes contre l’humanité ? La cour pénale internationale
51%
Nombre de boutons sur la robe d'avocat 33
50%
Qui était l'élève de Platon ? Aristote
50%
Composante de l'ordre public 1 tranquillité
48%
Date des ordonnances Macron 2017
46%
Selon quel auteur, le juge est “la bouche qui prononce les paroles de la loi” ? Montesquieu
45%
Date de l'abolition de l'esclavage 1848
44%
En combien de temps le juge des référés-libertés statue-t-il ? 48 heures
43%
Qui est le président du Conseil constitutionnel ? Laurent Fabius
40%
Quel juge contrôle les atteintes aux libertés dans le cadre d’une enquête de police ? Le juge des libertés et de la détention
40%
Composante de l'ordre public 4 moralité
39%
Quel principe a consacré l'esprit des lois de Montesquieu ? Séparation des pouvoirs
36%
Qui a été la première femme première ministre ? Edith Cresson
35%
De quoi parle morsang sur orge ? Lancer de nains
35%
Qui est Edward Snowden ? Lanceur d'alerte
35%
Qui est la dernière femme entrée au panthéon en 2021 ? Joséphine Baker
33%
Combien de pays sont membres de la Convention EDH (depuis que la Russie est partie) ? 46
32%
Où se trouve le ministère de la Justice ? Place Vendôme
32%
Quelle loi consacre la liberté de la presse ? 1881
31%
Qui est le défenseur des droits ? Claire Hédon
31%
La première femme qui a plaidé en France Jeanne Chauvin
31%
Rédacteur du code civil 2 Tronchet
31%
En quelle année le service militaire n’a plus été obligatoire en France ? 2001
30%
Date de la loi mémorielle reconnaissant le génocide arménien 2001
30%
Année de Clément Bayard 1915
28%
Quand a commencé la Ve République ? 4 octobre 1958
28%
Qui sont les auteurs à l’origine de la théorie de l’unité du patrimoine ? Aubry et Rau
28%
Le saint patron des avocats Saint Yves
28%
Rédacteur du code civil 3 Maleville
26%
Qui est le président de la Cour de cassation ? Christophe Soulard
25%
La première femme avocate Olga Petit
24%
De quoi parle l’arrêt KA AD c/ Belgique ? Sadomasochisme
24%
Quand a été prononcée la Charte des droits fondamentaux de l’Union européenne ? 2000
23%
Que prévoit l’article 6 de la Convention européenne des droits de l’homme ? Droit à un procès équitable
21%
Il a défendu Mohamed Merah Eric Dupond-Moretti
21%
Quel est le nom de la clause permettant le consentement dans l’hypothèse où l’écart d’âge entre le mineur et le majeur est inférieur à cinq ans ? Roméo et Juliette
20%
Qui peut déposer une QPC ? Tout justiciable
19%
Durée de prescription en matière de créances publiques ? 4 ans
17%
Rédacteur du code civil 4 Préameneu
17%
Qui est le contrôleur général des lieux de privation de liberté ? Dominique Simonnot
15%
Quelle loi a abrogé la pénalisation de l'avortement en France ? Loi Veil 1975
14%
De quoi parle l'arrêt Dehaene de 1950 du Conseil d'Etat ? droit de grève
13%
Quelle institution la France a-t-elle présidé de janvier à juin 2022 ? Conseil de l'Union européenne
12%
En quelle année a été écrit l'esprit des lois de Montesquieu ? 1748
10%
Date du code de Hammurabi -1750
10%
De quand date la loi de séparation de l’Eglise et de l’Etat ? 9 décembre 1905
10%
Nom du bâtonnier de Paris Julie Couturier
10%
Quelle loi a ouvert à toutes les femmes la PMA ? Loi Bioéthique 2021
10%
Quel arrêt du conseil d'état a consacré le principe de moralité ? Société Les films Lutetia
10%
Quelle décision du conseil constitutionnel a reconnu le principe d'égalité en 1973 ? Taxation d’office
8%
Qui est le président du Conseil d’Etat ? Didier Rolland Tabuteau
6%
Qui est la première femme entrée au Panthéon en 1907 ? Sophie Berthelot
6%
Quel juge saisissez-vous si vous estimez qu’un acte administratif porte atteinte à vos libertés individuelles ? Le juge des référés du tribunal administratif
5%
Date du premier code de procédure pénale français 1671
4%
Article du code civil de la transition 2044
4%
Combien y a-t-il de personnes emprisonnées en France en 2023 ? 87 000
4%
Quelles sont les dates de la troisième République ? de 1870 à 1940
4%
Qui est le président de la CEDH ? Síofra O'Leary
2%
Aucun quiz correspondant
Distribution des résultats
% des personnes avec chaque résultat
Percentile par nombre de réponses
Votre historique - résultats
Vous n’avez pas pris ce quiz depuis la dernière actualisation